| 000 | 00839nmm a2200277 a 4500 | ||
|---|---|---|---|
| 001 | ocm0002015634 | ||
| 003 | TR-IsHL | ||
| 005 | 20201028180221.0 | ||
| 008 | 181205s2018 tu tur | ||
| 007 | cr cn | ||
| 020 | _a9786052811047 | ||
| 035 |
_a2015634 _b(N$T) |
||
| 050 | 0 | 4 |
_aPL248.E74 _bN49 2018 |
| 090 | 0 | 4 |
_aPL248.E74 _bN49 2018 |
| 100 | 1 | _aErgene, Alev | |
| 245 | 1 | 0 |
_aNeyse... _h[electronic resource] / _cAlev Ergene |
| 250 | _a1. Baskı | ||
| 260 |
_aİstanbul : _bBaşlık Yayınları, _c2018 |
||
| 300 | _a73 p. | ||
| 650 | 4 | _aDil ve Edebiyat | |
| 650 | 4 | _aLanguage and Literature | |
| 650 | 0 | _aTürk öykü | |
| 650 | 0 | _aTurkish story | |
| 650 | 7 |
_aLITERARY COLLECTIONS / Middle Eastern _2bisacsh |
|
| 856 | 4 | 0 | _uhttp://search.ebscohost.com/login.aspx?direct=true&scope=site&db=e011xww&AN=2015634 |
| 999 |
_c19038 _d19038 |
||